000 00588nam a22002057a 4500
003 OSt
005 20231010141627.0
008 141106b xxu||||| |||| 00| 0 eng d
020 _a0748731784
040 _cDNLM
082 _aQZ 100 M531p 1995
100 _aMera,Steven L.
_91902
245 _aPathology and Understanding Disease Prevention
260 _aDelta :
_bStanley Thornes
_c1995
300 _axvi,856p :
_bcol.ill ;
_c28 cm.
504 _aIncludes Bibliographical references and Index.
650 _aPathology ;
_937
650 _a Disease Prevention
_916735
942 _2z
_cSLOAN
999 _c713
_d713